| 000 | 01127nam a2200325 c 4500 | ||
|---|---|---|---|
| 001 | 4380 | ||
| 003 | ES-MaCES | ||
| 005 | 20150925142047.0 | ||
| 008 | 960604s1996 sp ||| | spa d | ||
| 024 | 7 |
_a101-95-093-1 _2nipo |
|
| 035 | _aCES19980044154m | ||
| 040 |
_aES-MaCES _bspa _cES-MaCES |
||
| 245 | 0 | 0 |
_aImposición local _b: tipos de gravamen, índices y coeficientes. Ejercicios 1992, 1993, 1994 y 1995 |
| 260 |
_aMadrid _bDirección General de Coordinación con las Haciendas Territoriales _c[1996?] |
||
| 300 |
_a462, [13] p. _c27 cm |
||
| 541 | _cGratuito | ||
| 650 | 4 |
_asistema tributario _928092 |
|
| 650 | 4 |
_atributación _928093 |
|
| 650 | 4 |
_aEspaña _926964 |
|
| 650 | 4 |
_aComunidades Autónomas _930768 |
|
| 650 | 4 |
_anivel local _927220 |
|
| 650 | 4 |
_a1992-1995 _931010 |
|
| 650 | 4 |
_adatos estadísticos _930765 |
|
| 653 | 1 | 0 | _aEstadísticas económico-sociales |
| 650 | 4 |
_928086 _aimpuesto |
|
| 710 | 1 |
_aEspaña _bDirección General de Coordinación con las Haciendas Territoriales _d-2000 _eed. _92784 |
|
| 902 | _aLIB Libro | ||
| 942 |
_2CES _cBK _h8.2. |
||
| 999 |
_c4380 _d4380 |
||